Kwasy - Statystyki

Ogólne statystyki
  • Ten quiz został rozwiązany 114 razy
  • Średni wynik to 7 z 9
Statystyki odpowiedzi
Nazwa Wzór % Poprawnych
chlorowodorowy HCl
99%
siarkowowodorowy H2S
94%
fluorowodorowy HF
81%
siarkowy(VI) H2SO4
77%
siarkowy(IV) H2SO3
75%
fosforowy(V) H3PO4
73%
azotowy(V) HNO3
73%
węglowy H2CO3
67%
azotowy(III) HNO2
63%
Nie znaleziono quizów pasujących do podanych kryteriów
Rozkład punktacji
Procent ludzi z każdym wynikiem
Percentyl według liczby udzielonych odpowiedzi
Twoja historia wyników
Nie rozwiązałeś tego quizu